تصميم منهج في النحو العربي للمبتدئين الفرنسيين في ضوء الصعوبات الشائعة بينهم /
Saved in:
| Main Author: | |
|---|---|
| Other Authors: | |
| Format: | Thesis |
| Language: | Arabic |
| Published: |
al-Khartum :
Ma'had al-Khurtum al-Duwali lil-Lughah al-'Arabiyah,
1984
|
| Subjects: | |
| Tags: |
Add Tag
No Tags, Be the first to tag this record!
|
| LEADER | 015480000a22003010004500 | ||
|---|---|---|---|
| 001 | 43417 | ||
| 005 | 20091201120800.0 | ||
| 008 | 920927s1984 sj 000 0 ara | ||
| 035 | |a (Sirsi) 43417 | ||
| 040 | |a UIAM |b eng | ||
| 050 | |a PJ6066 | ||
| 100 | 1 | |a قاسم، مديحة نديم علي | |
| 242 | 1 | 0 | |a Tasmim manhaj fi al-nahw al-'Arabi lil-mubtadi'in al-Faransiyin fi daw' al-su'ubat al-sha'iah baynahum / |c Madihah Nadim 'Ali Qasim |
| 245 | 1 | 0 | |a تصميم منهج في النحو العربي للمبتدئين الفرنسيين في ضوء الصعوبات الشائعة بينهم / |c مديحة نديم علي قاسم |
| 260 | 1 | |a al-Khartum : |b Ma'had al-Khurtum al-Duwali lil-Lughah al-'Arabiyah, |c 1984 | |
| 300 | |a 227 p. ; |c 25 cm. | ||
| 502 | |a (M.A.)--Ma'had al-Khurtum al-Dawli li al-Lughat al-'Arabiyah, 1984 | ||
| 596 | |a 1 6 | ||
| 650 | 0 | |a Arabic language |x Study and teaching (Elementary) French speakers | |
| 650 | 0 | |a Arabic language |x Grammar Study and teaching (Elementary) | |
| 650 | 0 | |a Arabic language |x Grammar | |
| 700 | 1 | |a Qasim, Madihah Nadim 'Ali | |
| 710 | 1 | |a Ma'had al-Khartum al-Dawli lil-Lughah al-'Arabiyah | |
| 710 | 2 | |a معهد الخرطوم الدولى للغة العربية | |
| 900 | |a zmy-mas-smh | ||
| 999 | |c 106723 |d 140172 | ||
| 952 | |0 0 |1 0 |4 0 |6 XX (40998.3) |7 0 |8 GENERAL |9 175690 |a KIMC |b KIMC |c OPEN |g 0.00 |o XX(40998.3) |p 00000462367 |r 1900-01-02 |t 1 |v 0.00 |y BOOKGEN | ||
| 952 | |0 0 |6 T PJ 006066 Q13T |7 0 |8 THESES |9 773905 |a IIUM |b IIUM |c MULTIMEDIA |g 0.00 |o t PJ6066Q13T |p 00000057234 |r 2017-10-19 |t 1 |v 0.00 |y THESIS | ||
